Global sustainability in practice (Record no. 122355)

MARC details
000 -LEADER
fixed length control field 00895nam a22002417a 4500
005 - DATE AND TIME OF LATEST TRANSACTION
control field 20260527162052.0
008 - FIXED-LENGTH DATA ELEMENTS--GENERAL INFORMATION
fixed length control field 260527s2011 xxk|||||o|||| 00| 0 eng d
041 ## - LANGUAGE CODE
Language code of text/sound track or separate title eng
110 ## - MAIN ENTRY--CORPORATE NAME
Corporate author Royal Institution of Chartered Surveyors
245 ## - TITLE STATEMENT
Title Global sustainability in practice
Subtitle - flood risk mitigation and adaptation measures
260 ## - PUBLICATION INFORMATION
Place of publication London,
Publisher Royal Institution of Chartered Surveyors,
Date October 2011
300 ## - PHYSICAL DESCRIPTION
Physical description 39p.
520 ## - ABSTRACT
Abstract This paper provides an overview of flooding and flood risk to communities and properties and explores what services surveyors can offer in response to mitigating this risk.
650 ## - KEYWORDS
Keywords DRAINAGE
650 ## - KEYWORDS
Keywords FLOOD DEFENCES
650 ## - KEYWORDS
Keywords FLOODING
650 ## - KEYWORDS
Keywords FLOOD MITIGATION
651 ## - SUBJECT ADDED ENTRY--GEOGRAPHIC NAME
Geographic name International
690 ## - BROAD SUBJECT
Broad subject Environment
9 (RLIN) 6238
700 ## - ADDED PERSONAL NAME
Added personal author Tracey-White, John
710 ## - ADDED CORPORATE NAME
Added corporate author Royal Institution of Chartered Surveyors
942 ## - ADDED ENTRY ELEMENTS (KOHA)
Suppress in OPAC Do not suppress in OPAC
Holdings
Lost status Damaged status Not for loan Current library Shelving location Date acquired Total Checkouts Full call number Date last seen Price effective from Koha item type
      Archives RICS Boxes 27/05/2026   RICS 2011/77 27/05/2026 27/05/2026 Book